00580nam a2200193Ia 4500003000400000005001700004008004100021040000700062041000800069082001500077100002500092245004000117260003300157300000900190650002000199942001300219999001900232952013500251OSt20250813150100.0250729s2006 xx 000 0 und d cAL aeng a500.7 SIDT aAggarwal J C9221267 aAdult and social education in india aNew DelhibDoaha Housec2006 a325p aScience9221268 2ddccBED c234930d234930 001040708BEDaALbALd2025-07-29eSita Book Houseg325.00l0o500.7 SIDTpBED00249r2025-07-29 16:53:34v325.00w2025-07-29yBK